000 00424nam a2200169Ia 4500
008 230524s9999 xx 000 0 und d
020 _a9788173719561
082 _bBAS
100 _aB.N.Basu
_942740
245 0 _aEngineering Electromagnetics Essentials
250 _a2
260 _aNew Delhi
_bUniversities Press
_c2015
300 _a"X,650p;"
500 _aQuantity Number: 1
650 _aElectrical
942 _cBK
999 _c57722
_d57722